Word Scramble - Brand Logos - Statistics

General Stats
  • This quiz has been taken 1,074 times
  • The average score is 17 of 35
Answer Stats
Scramble Brand % Correct
Ooglge Google
99%
Fck KFC
83%
Aaidds Adidas
80%
Kien Nike
79%
Yons Sony
75%
Wwidnos Windows
68%
Voed Dove
65%
Yotato Toyota
63%
Aocc Laoc Coca Cola
59%
Eebokr Reebok
59%
Sobch Bosch
53%
Ngusams Samsung
53%
Ckubstars Starbucks
53%
Hormec Chrome
52%
Aysl Lays
52%
Rba.Yan Ray.Ban
49%
Nnoac Canon
47%
Ewn Albenca New Balance
47%
Xofrief Firefox
46%
Typosfi Spotify
43%
Aaayhm Yamaha
42%
Onhad Honda
40%
Wiehua Huawei
39%
Lpoe Opel
39%
Olbyd Dolby
38%
Gsae Sega
34%
Pretis Sprite
33%
Veresonc Converse
28%
Aaoipnsnc Panasonic
27%
Eecoknidlo Nickelodeon
24%
Glespri Pringles
24%
Yybolpa Playboy
18%
Dditre Reddit
18%
Dridoan Android
16%
Ieanv Nivea
8%
No matching quizzes found
Score Distribution
Percent of People with Each Score
Percentile by Number Answered
Your Score History
You have not taken this quiz